Most Ethnically Diverse Countries - Statistics

General Stats
  • This quiz has been taken 39 times
  • The average score is 12 of 20
Answer Stats
Frac. % Country % Correct
87.47 Democratic Republic of the Congo
92%
87.47 Republic of the Congo
90%
85.05 Nigeria
87%
85.88 Kenya
74%
82.95 Central African Republic
69%
78.67 Angola
67%
86.2 Chad
67%
81.17 Somalia
67%
78.08 Zambia
64%
82.04 Ivory Coast
62%
86.35 Cameroon
59%
93.02 Uganda
59%
78.72 Benin
56%
90.84 Liberia
44%
78.64 Gambia
41%
79.2 Libya
41%
80.82 Guinea-Bissau
36%
87.91 Madagascar
36%
81.91 Sierra Leone
33%
79.62 Djibouti
26%
No matching quizzes found
Score Distribution
Percent of People with Each Score
Percentile by Number Answered
Your Score History
You have not taken this quiz